000 00492nam a2200169Ia 4500
003 GCL
008 140319s9999 xx 000 0 eng d
020 _a0072528117
040 _aGCL /
_cGCL
082 0 4 _a910.02
_bC I
100 1 _aCHANG, KANG - TSUNG
245 1 0 _aINTRODUCTION TO GEOGRAPHIC INFORMATION SYSTEMS /
_cCHANG, KANG - TSUNG
260 _aنيويورك :
_bMC GRAW - HILL ،
_c2004
300 _a24 CM ؛
_c400 P
650 0 4 _aGEOGRAPHIC INFORMATION SYSTEMS
942 _2ddc
_cBK
999 _c7425
_d7425